Country Connect by Southernmost Point - Statistics

General Stats
  • This quiz has been taken 971 times
  • The average score is 117 of 156
Answers on the Map
Answers color-coded by a green-red scale on the quiz's map according to % correct below.
 
Answer Stats
Country % Correct
Chile
100%
Argentina
99%
Brazil
98%
Paraguay
98%
Bolivia
97%
Peru
97%
Uruguay
97%
Colombia
96%
Ecuador
96%
Suriname
96%
Venezuela
96%
France
95%
Guyana
95%
Spain
93%
Morocco
91%
Mali
90%
Mauritania
90%
Ivory Coast
89%
Liberia
88%
Gambia
87%
Guinea
87%
Guinea-Bissau
87%
Senegal
87%
Sierra Leone
87%
Benin
83%
Cameroon
83%
Ghana
83%
Nigeria
83%
Rep. of the Congo
83%
Togo
83%
Angola
82%
Eswatini
82%
Lesotho
82%
Mozambique
82%
Namibia
82%
South Africa
82%
Zimbabwe
82%
Botswana
81%
Burundi
81%
Chad
81%
Central African Republic
81%
Djibouti
81%
D. R. Congo
81%
Eritrea
81%
Ethiopia
81%
Kenya
81%
Malawi
81%
Rwanda
81%
Somalia
81%
South Sudan
81%
Sudan
81%
Tanzania
81%
Uganda
81%
Zambia
81%
Algeria
77%
Burkina Faso
77%
Cambodia
77%
China
77%
United Arab Emirates
77%
Egypt
77%
India
77%
Indonesia
77%
Iran
77%
Iraq
77%
Israel
77%
Jordan
77%
Kuwait
77%
Libya
77%
Malaysia
77%
Niger
77%
Oman
77%
Pakistan
77%
Qatar
77%
Saudi Arabia
77%
Thailand
77%
Tunisia
77%
Vietnam
77%
Yemen
77%
Brunei
76%
Papua New Guinea
76%
East Timor
76%
Myanmar
76%
Afghanistan
75%
Bangladesh
75%
Bhutan
75%
Kazakhstan
75%
Kyrgyzstan
75%
Laos
75%
Nepal
75%
North Korea
75%
Russia
75%
South Korea
75%
Tajikistan
75%
Turkmenistan
75%
Uzbekistan
75%
Azerbaijan
74%
Lebanon
73%
Syria
73%
Turkey
73%
Albania
72%
Bosnia and Herzegovina
72%
Bulgaria
72%
Croatia
72%
Greece
72%
Italy
72%
Kosovo
72%
Montenegro
72%
North Macedonia
72%
Serbia
72%
Slovenia
72%
Austria
71%
Hungary
71%
Moldova
71%
Romania
71%
San Marino
71%
Slovakia
71%
Switzerland
71%
Ukraine
71%
Vatican City
71%
Czech Republic
70%
Germany
70%
Belgium
67%
Luxembourg
67%
Netherlands
67%
Belarus
66%
Denmark
66%
Estonia
66%
Latvia
66%
Lithuania
66%
Poland
66%
Liechtenstein
61%
Armenia
60%
Georgia
60%
Mongolia
60%
Finland
57%
Norway
57%
Sweden
57%
Equatorial Guinea
56%
Gabon
56%
Portugal
56%
Andorra
52%
Canada
51%
Costa Rica
51%
El Salvador
51%
Guatemala
51%
Honduras
51%
Monaco
51%
Nicaragua
51%
Panama
51%
United States
51%
Belize
50%
Dominican Republic
50%
Haiti
50%
Ireland
50%
Mexico
50%
United Kingdom
50%
No matching quizzes found
Score Distribution
Percent of People with Each Score
Percentile by Number Answered
Your Score History
You have not taken this quiz